000 00489nam a2200217Ia 4500
005 20250425162405.0
008 250425s9999 xx 000 0 und d
020 _a9681814665
041 _aspa
082 _a632
100 _aAGRIOS, GEORGE N
245 0 _aFITOPATOLOGIA
250 _a1A ED.
260 _aMEXICO
260 _aMéxico
_bLIMUSA
_c1991
300 _a735
650 _aENFERMEDADES DE LAS PLANTAS
650 _aFITOPATOLOGIA
942 _c01
010 _a68569
999 _c228261
_d228261